Interacción en interfaces de recuperación de información : (Registro nro. 98)
[ vista simple ]
| 000 -LEADER | |
|---|---|
| fixed length control field | 01783nam a2200277Ia 4500 |
| 003 - CONTROL NUMBER IDENTIFIER | |
| control field | PE SENCICO BE |
| 005 - DATE AND TIME OF LATEST TRANSACTION | |
| control field | 20251020182426.0 |
| 008 - FIXED-LENGTH DATA ELEMENTS--GENERAL INFORMATION | |
| fixed length control field | 200515s9999 xx 000 0 und d |
| 020 ## - INTERNATIONAL STANDARD BOOK NUMBER | |
| International Standard Book Number | 84-9704-118-6 |
| 040 ## - CATALOGING SOURCE | |
| Original cataloging agency | PE SENCICO BE |
| Transcribing agency | PE SENCICO BE |
| 041 ## - LANGUAGE CODE | |
| Language code of text/sound track or separate title | spa |
| 082 ## - DEWEY DECIMAL CLASSIFICATION NUMBER | |
| Classification number | 025.0425 |
| Item number | M26 |
| 100 1# - MAIN ENTRY--PERSONAL NAME | |
| Personal name | Marcos Mora, María del Carmen |
| 9 (RLIN) | 2222 |
| Relator term | autor |
| 245 10 - TITLE STATEMENT | |
| Title | Interacción en interfaces de recuperación de información : |
| Remainder of title | conceptos, metáforas y visualizaciones / |
| Statement of responsibility, etc. | María del Carmen Marcos Mora |
| 250 ## - EDITION STATEMENT | |
| Edition statement | [1a ed.] |
| 260 ## - PUBLICATION, DISTRIBUTION, ETC. | |
| Place of publication, distribution, etc. | Guijón : |
| Name of publisher, distributor, etc. | Trea ; |
| Date of publication, distribution, etc. | 2004 |
| 300 ## - PHYSICAL DESCRIPTION | |
| Extent | 345 p. : |
| Other physical details | tbl., graf. ; |
| Dimensions | 22 cm. |
| 490 ## - SERIES STATEMENT | |
| Series statement | Biblioteconomía y Administración Cultural ; |
| Volume/sequential designation | 98 |
| 505 0# - FORMATTED CONTENTS NOTE | |
| Formatted contents note | La interacción entre las personas y los ordenadores: La interacción persona - ordenador -- Psicología cognitiva -- Distintos modelos en el estudio de los factores humanos en IPO -- La interfaz de usuario, elemento clave de la interacción -- Principios básicos del diseño de interfaces -- La metáfora -- Aplicación de la metáfora a entornos -- Las metáforas de Internet -- Visualización en sistemas de recuperación de información -- Un caso de estudio para la interacción persona - ordenador: los catálogos de bibliotecas en líneas. |
| 520 3# - SUMMARY, ETC. | |
| Summary, etc. | Se esbozan dos disciplinas de gran importancia: la interacción Persona-Ordenador y la Recuperación de Información, de manera que partiendo de los estudios de la IPO plantea mejoras en los sistemas de recuperación de información a través de interfaces. |
| 650 10 - SUBJECT ADDED ENTRY--TOPICAL TERM | |
| Topical term or geographic name entry element | Sistemas de almacenamiento y recuperación de información |
| 9 (RLIN) | 1521 |
| 650 20 - SUBJECT ADDED ENTRY--TOPICAL TERM | |
| Topical term or geographic name entry element | Interfaces con el usuario (Computadoras) |
| 9 (RLIN) | 2223 |
| 650 20 - SUBJECT ADDED ENTRY--TOPICAL TERM | |
| Topical term or geographic name entry element | Catálogos de biblioteca |
| 9 (RLIN) | 2224 |
| 650 20 - SUBJECT ADDED ENTRY--TOPICAL TERM | |
| Topical term or geographic name entry element | Sociedad de la información |
| 9 (RLIN) | 301 |
| 942 ## - ADDED ENTRY ELEMENTS (KOHA) | |
| Koha item type | Libros |
| Source of classification or shelving scheme | Dewey Decimal Classification |
| Fecha de la última vez que lo usaron | Número de ingreso o de inventario | Pago total | Signatura topográfica completa | Código de barras | Precio efectivo desde | Tipo de documento | Estado perdido | Sistema de clasificación | Estado dañado | No es para préstamo | Retirado | Ubicación permanente | Ubicación actual | Fecha de adquisición |
|---|---|---|---|---|---|---|---|---|---|---|---|---|---|---|
| 15/05/2020 | 15584 | 025.0425/M26 | BibLima24050040 | 15/05/2020 | Libros | Dewey Decimal Classification | Biblioteca Central Lima | Biblioteca Central Lima | 15/05/2020 |